000 00934nam a2200193 a 4500
003 0
005 20250522152831.0
008 030519s19uu xx 00 eng d
050 _aPHS JZ 1480
_b.B66 2003
100 _aBonifacio, Adrian Immanuel M.
245 _aA Comparative study on the current awareness levels of 4th year high school students of Southville International School and Colleges, Manresa, and St. Benedict College on current national and international political events and issues, and how they achieved those awareness levels /
_cAdrian Immanuel M. Bonifacio.
260 _aLas PiƱas City, Philippines :
_bSouthville International School and Colleges,
_c2003.
300 _a44 pages :
_billustrations ;
_c28 cm.
504 _aIncludes bibliographical references.
650 _aPolitical awareness
_zPhilippines.
650 _aComparative study.
650 _aCurrent events
_xStudy and teaching.
942 _2lcc
_cPASS
999 _c96767
_d96767